01384cam a22002892 45000010005000000030008000050050017000130080041000300350050000710400031001210410008001520820018001602450302001782600040004803000060005205000027005805040039006076500034006466510049006807000053007297000063007827100037008457100047008829420012009299990015009419520138009569251BD-RjUL20211208234738.0140120s1962 nyuab b 101 0 eng c a(BD-RjUL)9296aOCLC ocm00531410 from D970930M aDLC/ICUcCGUdBD-RjULbeng aeng00a523bSPA 196200aSpace age astronomy :ban international symposium sponsored by Douglas Aircraft Company, inc., August 7-9, 1961, at the California Institute of Technology in conjunction with the XI General Assembly of the International Astronomical Union /cEdited by Armin J. Deutsch [and] Wolfgang B. Klemperer. aNew York :bAcademic Press,cc1962. axxi, 531 p. :billus., maps, diagrs., tables. ;c24 cm. aErratum slip inserted. aIncludes bibliographies and index. 0aAstronomyvCongresses.925787 0aOuter spacexExplorationvCongresses.9287091 aDeutsch, Armin J.q(Armin Joseph),d1918-9287101 aKlemperer, Wolfgang B.q(Wolfgang Benjamin),d1893-9287112 aDouglas Aircraft Company.9287122 aCalifornia Institute of Technology.928713 2ddccBK c9251d9251 00102ddc40718NFICaRUCLbRUCLcReadingd1963-12-19eZeitlingerg132.00l0o523 SPA 1962r2014-01-20 00:00:00tC-1w2014-01-20yBK